| 000 | 01538cim a2200421 a 4500 | ||
|---|---|---|---|
| 001 | 15049192 | ||
| 003 | OSt | ||
| 005 | 20231017161325.0 | ||
| 007 | ss lsnjlcmpnue | ||
| 008 | 071018s1991 nyunnn| z| | eng d | ||
| 010 | _a 2007657690 | ||
| 020 | _a0671739530 | ||
| 024 | 1 | _a076714010956 | |
| 024 | 3 | _a0345372050 | |
| 028 | 0 | 2 |
_a73953-0 _bSimon & Schuster Audio |
| 035 | _a(OCoLC)ocm24801918 | ||
| 040 |
_aVRP _cVRP _dVET _dIVC _dMPI _dOCLCQ _dDLC |
||
| 042 | _alccopycat | ||
| 050 | 0 | 0 | _aP94.7.T16 |
| 100 | 1 |
_aTannen, Deborah. _91266 |
|
| 245 | 1 | 0 |
_aYou just don't understand : women and men in conversation. / _cDeborah Tannen. |
| 260 |
_aNew York, NY : _bBallantine Books, _c1990. |
||
| 300 | _a330 p. : | ||
| 505 | _aContents: Different words, different worlds -- Asymmetries: women and men talking across purpose -- | ||
| 511 | 0 | _aRead by the author. | |
| 520 | _aDiscusses the communication gap that exists between the sexes and proposes that women like to connect emotionally while men prefer to impart knowledge. | ||
| 650 | 0 |
_aCommunication in marriage. _91537 |
|
| 650 | 0 |
_aInterpersonal communication. _91021 |
|
| 650 | 0 |
_aSex differences (Psychology) _91269 |
|
| 650 | 0 |
_aEnglish language _xSocial aspects. _91538 |
|
| 650 | 2 |
_aCommunication. _98 |
|
| 650 | 2 |
_aConflict (Psychology) _91539 |
|
| 650 | 2 |
_aInterpersonal Relations. _91268 |
|
| 650 | 2 |
_aMarriage. _91540 |
|
| 906 |
_a7 _bcbc _ccopycat _d2 _encip _f20 _gy-soundrec |
||
| 942 |
_2lcc _cBK |
||
| 999 |
_c9637 _d17137 |
||